000
00273nam a2200109Ia 4500
008
220204s9999 xx 000 0 und d
082
_a
065
_b
DRU
100
_a
Drucker, Peter F
245
0
_a
Changing world of the executive
260
_a
New Delhi
_b
Allied
_c
1983
942
_c
BK
999
_c
37778
_d
37778